[Event "Hoogeveen op 25th"]
[Site "Hoogeveen"]
[Date "2022.10.15"]
[Round "1"]
[White "Asatryan, Sona"]
[Black "Avis, Fred"]
[Result "1-0"]
[WhiteElo "2088"]
[BlackElo "1759"]
[PlyCount "127"]
[EventDate "2022.10.15"]
[EventType "swiss"]
[EventRounds "9"]
[EventCountry "NED"]
[SourceTitle "CBM 210 Extra"]
[Source "ChessBase"]
[SourceDate "2022.11.30"]
[SourceVersion "1"]
[SourceVersionDate "2022.11.30"]
[SourceQuality "1"]

1. e4 e5 2. Nf3 Nc6 3. Bb5 a6 4. Ba4 Nf6 5. d3 b5 6. Bb3 Be7 7. 0-0 d6 8. c3 0-0 9. h3 Na5 10. Bc2 c5 11. a4 Rb8 12. d4 Qc7 13. dxe5 dxe5 14. axb5 axb5 15. Nxe5 b4 16. Bf4 Bd6 17. Rxa5 Bxe5 18. Bxe5 Qxe5 19. f4 Qc7 20. Ra1 b3 21. Bd3 c4 22. e5 Qc5+ 23. Rf2 Nd5 24. Bf1 Nxf4 25. Qd4 Ne6 26. Qxc5 Nxc5 27. Bxc4 Ne4 28. Rf4 Ng5 29. Nd2 Bxh3 30. Ra3 Be6 31. Rxb3 Rxb3 32. Bxb3 Bxb3 33. Nxb3 Re8 34. Rb4 h5 35. Rb5 h4 36. Nd4 Ne4 37. Nf3 g5 38. Rb4 Nc5 39. Rg4 Nd3 40. Rxg5+ Kh7 41. b3 Rc8 42. c4 Rb8 43. e6 fxe6 44. Rb5 Ra8 45. Nxh4 Kh6 46. Nf3 Ra1+ 47. Kh2 Ra2 48. Kg3 Kg7 49. Nd4 Kf7 50. Rb7+ Kf6 51. Rb6 Nc5 52. b4 Ra3+ 53. Kh2 Nd3 54. Rxe6+ Kg5 55. b5 Nf4 56. Re5+ Kg4 57. Nf3 Nd3 58. Re3 Kf4 59. Re6 Kf5 60. Nd4+ Kf4 61. b6 Ra2 62. Re2 Ra8 63. Ne6+ Kg4 64. c5 1-0

[Event "Belgrade Serbia op"]
[Site "Belgrade"]
[Date "2021.07.07"]
[Round "8"]
[White "Velickovic, Sasa"]
[Black "Asatryan, Sona"]
[Result "1-0"]
[WhiteElo "2281"]
[BlackElo "2122"]
[PlyCount "99"]
[EventDate "2021.07.02"]
[EventType "swiss"]
[EventRounds "9"]
[EventCountry "SRB"]
[SourceTitle "EXT 2022"]
[Source "ChessBase"]
[SourceDate "2021.10.06"]
[SourceVersion "1"]
[SourceVersionDate "2021.10.06"]
[SourceQuality "1"]

1. e4 e5 2. Nf3 Nc6 3. Bb5 a6 4. Ba4 Nf6 5. d3 Bc5 6. 0-0 d6 7. c3 0-0 8. h3 h6 9. Re1 b5 10. Bc2 Re8 11. Nbd2 Be6 12. Nb3 Bb6 13. d4 Bc8 14. a4 Rb8 15. axb5 axb5 16. Bd3 b4 17. d5 Ne7 18. c4 Ng6 19. Bf1 Nh5 20. Be3 Bxe3 21. Rxe3 Nhf4 22. Kh2 Ne7 23. g3 Nfg6 24. Bg2 f5 25. Nfd2 f4 26. Re1 c5 27. Qh5 Kh7 28. Ra7 Ng8 29. Nf3 Rf8 30. h4 Qe8 31. Ng5+ Kh8 32. Nf7+ Rxf7 33. Qxg6 Rbb7 34. Rxb7 Bxb7 35. Qxd6 Nf6 36. Nxc5 fxg3+ 37. fxg3 Ng4+ 38. Kg1 Bc8 39. Nd3 Rf6 40. Qb8 Kh7 41. Rf1 Rxf1+ 42. Bxf1 Qf8 43. Be2 Ne3 44. Qxb4 Qf6 45. Qc5 Nc2 46. Qxc8 Nd4 47. Qg4 Qb6 48. c5 Qa5 49. b4 Qa2 50. Kf2 1-0

[Event "Belgrade Serbia op"]
[Site "Belgrade"]
[Date "2021.07.06"]
[Round "6"]
[White "Samadov, Read"]
[Black "Asatryan, Sona"]
[Result "1-0"]
[WhiteElo "2332"]
[BlackElo "2122"]
[PlyCount "87"]
[EventDate "2021.07.02"]
[EventType "swiss"]
[EventRounds "9"]
[EventCountry "SRB"]
[SourceTitle "CBM 203 Extra"]
[Source "ChessBase"]
[SourceDate "2021.09.30"]
[SourceVersion "1"]
[SourceVersionDate "2021.09.30"]
[SourceQuality "1"]

1. d4 Nf6 2. c4 e6 3. Nc3 Bb4 4. f3 c5 5. d5 Bxc3+ 6. bxc3 e5 7. e4 d6 8. Bd3 0-0 9. Ne2 Ne8 10. g4 Qh4+ 11. Ng3 h5 12. g5 f5 13. exf5 Bxf5 14. Bxf5 Rxf5 15. Qd3 Rf7 16. 0-0 Nd7 17. Rb1 Nf8 18. Rb2 g6 19. Ne4 Rd8 20. f4 exf4 21. Rbf2 f3 22. Rxf3 Rxf3 23. Rxf3 Rd7 24. Rf4 Qe1+ 25. Rf1 Qh4 26. Qf3 Qg4+ 27. Qxg4 hxg4 28. Bf4 Nh7 29. Kg2 Re7 30. Re1 Kf7 31. Kg3 a6 32. a4 Nf8 33. Kxg4 Nd7 34. a5 b6 35. Kf3 bxa5 36. Ra1 Nb6 37. Rxa5 Nxc4 38. Rxa6 Rd7 39. Ke2 Ke7 40. Kd3 Nc7 41. Nxc5 Nb2+ 42. Kc2 Nxa6 43. Nxd7 Nc4 44. Nf6 1-0

[Event "Speed Chess Super Swiss"]
[Site "Chess.com INT"]
[Date "2020.10.03"]
[Round "14"]
[White "Asatryan, Sona"]
[Black "Riline Orso, Alejandro"]
[Result "0-1"]
[WhiteElo "2122"]
[BlackElo "2143"]
[PlyCount "92"]
[EventDate "2020.10.03"]
[EventType "swiss (blitz)"]
[EventRounds "15"]
[EventCountry "USA"]
[SourceTitle "CBM 198 Extra"]
[Source "ChessBase"]
[SourceDate "2020.11.30"]
[SourceVersion "1"]
[SourceVersionDate "2020.11.30"]
[SourceQuality "1"]

1. e4 e6 2. d4 d5 3. Nd2 Nf6 4. e5 Nfd7 5. Bd3 c5 6. c3 Nc6 7. Ne2 Be7 8. Nf3 Qb6 9. 0-0 cxd4 10. cxd4 f6 11. exf6 Nxf6 12. Bg5 0-0 13. Qd2 Bd7 14. Rac1 Rae8 15. Nf4 Ne4 16. Bxe4 dxe4 17. Bxe7 Rxe7 18. Ne5 Qxd4 19. Qxd4 Nxd4 20. Rcd1 Bb5 21. Rfe1 Nc2 22. Rxe4 a5 23. g3 Nb4 24. a3 Nc6 25. Nxc6 Bxc6 26. Rxe6 Rxe6 27. Nxe6 Re8 28. Rd8 Rxd8 29. Nxd8 Bd5 30. b4 axb4 31. axb4 Kf8 32. f4 Ke7 33. Nxb7 Bxb7 34. Kf2 Ke6 35. Ke3 Kf5 36. h3 h5 37. b5 Bg2 38. g4+ hxg4 39. hxg4+ Kxg4 40. b6 Bb7 41. Kd4 Kxf4 42. Kc5 g5 43. Kd6 g4 44. Kc7 Be4 45. b7 Bxb7 46. Kxb7 g3 0-1

[Event "Speed Chess Super Swiss"]
[Site "Chess.com INT"]
[Date "2020.10.03"]
[Round "4"]
[White "Asatryan, Sona"]
[Black "Stalmach, Richard"]
[Result "1-0"]
[WhiteElo "2122"]
[BlackElo "2296"]
[PlyCount "85"]
[EventDate "2020.10.03"]
[EventType "swiss (blitz)"]
[EventRounds "15"]
[EventCountry "USA"]
[SourceTitle "CBM 198 Extra"]
[Source "ChessBase"]
[SourceDate "2020.11.30"]
[SourceVersion "1"]
[SourceVersionDate "2020.11.30"]
[SourceQuality "1"]

1. e4 c5 2. Nc3 e6 3. Nf3 Nc6 4. d4 cxd4 5. Nxd4 Nf6 6. Nxc6 bxc6 7. Bd3 d5 8. 0-0 Be7 9. Re1 0-0 10. e5 Nd7 11. Qe2 c5 12. b3 Bb7 13. Na4 Rc8 14. c4 Nb6 15. Nxb6 axb6 16. Bxh7+ Kxh7 17. Qh5+ Kg8 18. Re3 f6 19. Rh3 dxc4 20. Qh7+ Kf7 21. Bh6 Rg8 22. Rg3 Ke8 23. Qxg8+ Kd7 24. Qxd8+ Rxd8 25. Bxg7 f5 26. Rd1+ Kc7 27. Rxd8 Bxd8 28. bxc4 Ba6 29. Rc3 Bg5 30. g3 Bd2 31. Rc2 Be1 32. f4 Bb7 33. Kf1 Bb4 34. h4 Be4 35. Rc1 Ba3 36. Re1 Bd3+ 37. Kf2 Kd7 38. h5 Ke7 39. h6 Kf7 40. Rh1 Bb2 41. h7 Bd4+ 42. Ke1 Bc3+ 43. Kd1 1-0

[Event "Speed Chess Super Swiss"]
[Site "Chess.com INT"]
[Date "2020.10.03"]
[Round "3"]
[White "Petersson, Kjell"]
[Black "Asatryan, Sona"]
[Result "1-0"]
[WhiteElo "1997"]
[BlackElo "2122"]
[PlyCount "41"]
[EventDate "2020.10.03"]
[EventType "swiss (blitz)"]
[EventRounds "15"]
[EventCountry "USA"]
[SourceTitle "CBM 198 Extra"]
[Source "ChessBase"]
[SourceDate "2020.11.30"]
[SourceVersion "1"]
[SourceVersionDate "2020.11.30"]
[SourceQuality "1"]

1. d4 Nf6 2. Bf4 e6 3. e3 d5 4. Nf3 Bd6 5. Bg3 Ne4 6. Nbd2 Nd7 7. c3 Ndf6 8. Bd3 Nxd2 9. Qxd2 0-0 10. Ne5 c5 11. h3 b6 12. Qc2 g6 13. 0-0 Qc7 14. f4 Nd7 15. Bh4 f6 16. Bxg6 fxe5 17. Bxh7+ Kh8 18. fxe5 Nxe5 19. dxe5 Bxe5 20. Rxf8+ Kg7 21. Rg8+ 1-0

[Event "Speed Chess Super Swiss"]
[Site "Chess.com INT"]
[Date "2020.10.03"]
[Round "5"]
[White "Tomb, Maroun"]
[Black "Asatryan, Sona"]
[Result "0-1"]
[WhiteElo "2084"]
[BlackElo "2122"]
[PlyCount "104"]
[EventDate "2020.10.03"]
[EventType "swiss (blitz)"]
[EventRounds "15"]
[EventCountry "USA"]
[SourceTitle "CBM 198 Extra"]
[Source "ChessBase"]
[SourceDate "2020.11.30"]
[SourceVersion "1"]
[SourceVersionDate "2020.11.30"]
[SourceQuality "1"]

1. e4 e5 2. Nf3 Nc6 3. Bb5 a6 4. Ba4 Nf6 5. d4 exd4 6. 0-0 b5 7. Bb3 Bc5 8. e5 Ne4 9. c3 d5 10. cxd4 Be7 11. Nc3 Nxc3 12. bxc3 0-0 13. h3 Bf5 14. Bf4 Qd7 15. Re1 Be6 16. Qd2 Na5 17. Bg5 Nc4 18. Bxc4 bxc4 19. Bxe7 Qxe7 20. g4 Rfb8 21. Reb1 a5 22. Qc2 Bd7 23. Rxb8+ Rxb8 24. Rb1 Qe8 25. Nd2 a4 26. Rxb8 Qxb8 27. Qb1 Qxb1+ 28. Nxb1 Kf8 29. f4 h5 30. f5 hxg4 31. hxg4 g6 32. e6 fxe6 33. fxg6 Kg7 34. Kf2 Kxg6 35. Kf3 Kg5 36. Na3 e5 37. dxe5 Bxg4+ 38. Ke3 c5 39. Nb5 Kf5 40. Nd6+ Kxe5 41. Nb7 d4+ 42. Kd2 Kd5 43. Nd8 Bd7 44. Nf7 Be6 45. Ng5 Bf5 46. a3 Bb1 47. Nf7 Ke4 48. Nd6+ Kd5 49. Nf7 Bf5 50. Ng5 Bg6 51. Nf3 Ke4 52. Ng5+ Kf5 0-1

[Event "Sharjah Cup (Women) 10th"]
[Site "Sharjah"]
[Date "2020.01.09"]
[Round "7"]
[White "Li, Xueyi"]
[Black "Asatryan, Sona"]
[Result "1-0"]
[WhiteElo "2307"]
[BlackElo "2085"]
[PlyCount "131"]
[EventDate "2020.01.04"]
[EventType "swiss"]
[EventRounds "9"]
[EventCountry "UAE"]
[SourceTitle "CBM 194 Extra"]
[Source "ChessBase"]
[SourceDate "2020.03.31"]
[SourceVersion "1"]
[SourceVersionDate "2020.03.31"]
[SourceQuality "1"]

1. d4 Nf6 2. Nf3 e6 3. g3 d5 4. Bg2 Nbd7 5. 0-0 b5 6. a4 b4 7. c4 bxc3 8. bxc3 Ba6 9. Nbd2 Rb8 10. Re1 Be7 11. e4 Nxe4 12. Nxe4 dxe4 13. Rxe4 0-0 14. Re1 Bc4 15. Bf4 Bd6 16. Bg5 Qc8 17. Nd2 Bd5 18. Ne4 Bxe4 19. Rxe4 c5 20. Rh4 Re8 21. Be3 Be7 22. Rf4 Bf6 23. dxc5 Bxc3 24. Rc1 Bb2 25. Rc2 Nf6 26. c6 Rd8 27. Qf1 Be5 28. c7 Bxc7 29. Rfc4 Ne8 30. Bf4 Rd7 31. Bc6 Bxf4 32. Bxd7 Qxd7 33. Rxf4 Nf6 34. Rfc4 g6 35. a5 Kg7 36. a6 Qd5 37. Qa1 Rd8 38. Rc1 Rd6 39. Rc7 e5 40. R7c5 Qd3 41. Qxe5 Qxa6 42. Rc7 Re6 43. Qc5 Qb6 44. Qc2 a5 45. Rb1 Qd4 46. Rc4 Qd5 47. Qc3 Qf5 48. Ra1 Re5 49. Rf4 Qe6 50. Rxa5 Rxa5 51. Qxa5 Nd5 52. Qa1+ f6 53. Ra4 Ne7 54. Ra6 Qe5 55. Qxe5 fxe5 56. Re6 Kf7 57. Rxe5 Kf6 58. Ra5 Ke6 59. Kg2 h5 60. h4 Nd5 61. Kf3 Nf6 62. Kf4 Ng4 63. f3 Nf2 64. Kg5 Nh1 65. Kxg6 Nxg3 66. f4 1-0

[Event "Al Ain U20 op 1st"]
[Site "Al Ain"]
[Date "2018.01.03"]
[Round "6"]
[White "Asatryan, Sona"]
[Black "Mosallam, Mohammad"]
[Result "1-0"]
[WhiteElo "2171"]
[BlackElo "1536"]
[PlyCount "69"]
[EventDate "2017.12.30"]
[EventType "swiss"]
[EventRounds "9"]
[EventCountry "UAE"]
[SourceTitle "CBM 182 Extra"]
[Source "ChessBase"]
[SourceDate "2018.02.23"]
[SourceVersion "1"]
[SourceVersionDate "2018.02.23"]
[SourceQuality "1"]

1. e4 e5 2. Nf3 Nc6 3. Bb5 a6 4. Ba4 d6 5. c3 Bd7 6. d4 g6 7. 0-0 Bg7 8. Bg5 Nce7 9. Bxd7+ Qxd7 10. Qb3 f6 11. Qxb7 Rd8 12. Be3 Nh6 13. Qxa6 0-0 14. Nbd2 Nf7 15. dxe5 fxe5 16. Ng5 h6 17. Nxf7 Rxf7 18. Qe2 Rb8 19. b3 Rbf8 20. h3 g5 21. Qg4 Qc6 22. c4 Ng6 23. c5 Nf4 24. cxd6 cxd6 25. Rac1 Qa6 26. Bxf4 exf4 27. Qe6 Qxa2 28. Nf3 Qa6 29. e5 Kh8 30. Rfd1 Rb7 31. Rc8 Rb8 32. Rxf8+ Rxf8 33. exd6 Rf6 34. Qe8+ Rf8 35. d7 1-0

[Event "Al Ain U20 op 1st"]
[Site "Al Ain"]
[Date "2017.12.31"]
[Round "3"]
[White "Singh, Gurmeher"]
[Black "Asatryan, Sona"]
[Result "1-0"]
[WhiteElo "1646"]
[BlackElo "2171"]
[PlyCount "79"]
[EventDate "2017.12.30"]
[EventType "swiss"]
[EventRounds "9"]
[EventCountry "UAE"]
[SourceTitle "CBM 182 Extra"]
[Source "ChessBase"]
[SourceDate "2018.02.23"]
[SourceVersion "1"]
[SourceVersionDate "2018.02.23"]
[SourceQuality "1"]

1. e4 e5 2. Nf3 Nc6 3. Bb5 a6 4. Ba4 Nf6 5. Qe2 b5 6. Bb3 Bc5 7. c3 0-0 8. 0-0 d6 9. d3 Be6 10. Bc2 Bg4 11. Be3 Nd7 12. Nbd2 Ne7 13. h3 Bh5 14. g4 Bg6 15. d4 exd4 16. Nxd4 d5 17. f4 f6 18. Ne6 Bxe3+ 19. Qxe3 Qc8 20. Nxf8 Nxf8 21. Bb3 Bf7 22. Rfe1 c5 23. Bxd5 Nxd5 24. exd5 Bxd5 25. Ne4 c4 26. Rad1 Qc6 27. Ng3 Ng6 28. Nf5 a5 29. Qe7 Qb6+ 30. Qe3 Qc6 31. Ne7+ Nxe7 32. Qxe7 h6 33. g5 fxg5 34. fxg5 Rf8 35. Re5 Bf7 36. Rd6 Qc8 37. gxh6 Qxh3 38. Rg5 Re8 39. Qxf7+ Kxf7 40. Rxg7+ 1-0

[Event "EU-ch U18 Girls 27th"]
[Site "Mamaia"]
[Date "2017.09.06"]
[Round "2"]
[White "Sieber, Fiona"]
[Black "Asatryan, Sona"]
[Result "0-1"]
[WhiteElo "2248"]
[BlackElo "2043"]
[PlyCount "94"]
[EventDate "2017.09.05"]
[EventType "swiss"]
[EventRounds "9"]
[EventCountry "ROU"]
[SourceTitle "CBM 180 Extra"]
[Source "ChessBase"]
[SourceDate "2017.10.06"]
[SourceVersion "1"]
[SourceVersionDate "2017.10.06"]
[SourceQuality "1"]

1. e4 e5 2. Nf3 Nc6 3. Bb5 a6 4. Ba4 Nf6 5. 0-0 Be7 6. Re1 b5 7. Bb3 d6 8. c3 0-0 9. h3 Na5 10. Bc2 c5 11. d4 Nd7 12. Nbd2 exd4 13. cxd4 Nc6 14. d5 Nce5 15. Nxe5 Nxe5 16. a4 Rb8 17. f4 Ng6 18. Nf3 Bh4 19. Rf1 Bg3 20. f5 Ne5 21. Ng5 h6 22. f6 gxf6 23. Ra3 Bh2+ 24. Kxh2 hxg5 25. Rg3 Kg7 26. Kg1 Rh8 27. Rf2 Bd7 28. Bd2 Qe7 29. axb5 axb5 30. b3 b4 31. Bc1 Rh7 32. Bd3 Ra8 33. Bb2 Rh6 34. Qf1 Rah8 35. Bb5 Bc8 36. Qe2 Kf8 37. Rf1 Rh4 38. Ra1 g4 39. Ra8 Qb7 40. Bxe5 Qxa8 41. Bxd6+ Kg8 42. Bxc5 Qa1+ 43. Kh2 Qe5 44. Bxb4 Rxh3+ 45. gxh3 Rxh3+ 46. Kg1 Qxg3+ 47. Qg2 Qe3+ 0-1

[Event "Yerevan Asrian Memorial 10th"]
[Site "Yerevan"]
[Date "2017.06.22"]
[Round "2"]
[White "Asatryan, Sona"]
[Black "Gharibyan, Mamikon"]
[Result "1-0"]
[WhiteElo "1966"]
[BlackElo "2414"]
[PlyCount "67"]
[EventDate "2017.06.21"]
[EventType "swiss"]
[EventRounds "9"]
[EventCountry "ARM"]
[SourceTitle "EXT 2018"]
[Source "ChessBase"]
[SourceDate "2017.10.13"]
[SourceVersion "1"]
[SourceVersionDate "2017.10.13"]
[SourceQuality "1"]

1. c4 Nf6 2. Nc3 e6 3. Nf3 b6 4. g3 Bb7 5. Bg2 c5 6. 0-0 Be7 7. d4 cxd4 8. Qxd4 d6 9. Rd1 a6 10. b3 Nbd7 11. e4 0-0 12. Ba3 Nc5 13. e5 dxe5 14. Qxe5 Qc8 15. Na4 Ncd7 16. Qb2 Bxa3 17. Qxa3 b5 18. Nb2 Be4 19. Qd6 Qb7 20. Ne1 Bxg2 21. Nxg2 Rac8 22. Rac1 Rc6 23. Qf4 Rc5 24. Nd3 Rf5 25. Qd4 e5 26. Qd6 bxc4 27. Rxc4 e4 28. Ne3 Ra5 29. Nc5 Nxc5 30. Rxc5 Ne8 31. Qe5 Rxc5 32. Qxc5 Nc7 33. Rd7 Ne6 34. Qxf8+ 1-0

[Event "Yerevan op 1st"]
[Site "Yerevan"]
[Date "2016.10.08"]
[Round "7"]
[White "Asatryan, Sona"]
[Black "Piliposyan, Robert"]
[Result "1-0"]
[WhiteElo "1953"]
[BlackElo "1758"]
[PlyCount "61"]
[EventDate "2016.10.02"]
[EventType "swiss"]
[EventRounds "9"]
[EventCountry "ARM"]
[SourceTitle "EXT 2017"]
[Source "ChessBase"]
[SourceDate "2016.10.25"]
[SourceVersion "1"]
[SourceVersionDate "2016.10.25"]
[SourceQuality "1"]

1. e4 c5 2. Nf3 e6 3. d4 cxd4 4. Nxd4 Nf6 5. Nc3 d6 6. g4 Nc6 7. g5 Nd7 8. Be3 a6 9. h4 Be7 10. Qh5 g6 11. Qe2 Nxd4 12. Bxd4 e5 13. Be3 Nf8 14. Nd5 Ne6 15. Bb6 Qd7 16. Bh3 0-0 17. 0-0-0 Kg7 18. f4 exf4 19. Qc4 Qe8 20. Bxe6 Bxe6 21. Qd4+ Kg8 22. Nc7 Qc6 23. h5 Bg4 24. Nd5 Rfe8 25. h6 f6 26. Nxf6+ Bxf6 27. Qxf6 Qd7 28. Bd4 Bxd1 29. Qh8+ Kf7 30. Qg7+ Ke6 31. Qf6# 1-0

[Event "Yerevan op 1st"]
[Site "Yerevan"]
[Date "2016.10.02"]
[Round "1"]
[White "Asatryan, Sona"]
[Black "Kotanjian, Tigran"]
[Result "0-1"]
[WhiteElo "1953"]
[BlackElo "2473"]
[PlyCount "62"]
[EventDate "2016.10.02"]
[EventType "swiss"]
[EventRounds "9"]
[EventCountry "ARM"]
[SourceTitle "EXT 2017"]
[Source "ChessBase"]
[SourceDate "2016.10.25"]
[SourceVersion "1"]
[SourceVersionDate "2016.10.25"]
[SourceQuality "1"]

1. e4 c5 2. Nc3 d6 3. Nge2 Nf6 4. g3 g6 5. Bg2 Bg7 6. 0-0 0-0 7. d3 Nc6 8. Bg5 Rb8 9. a4 h6 10. Bd2 a6 11. Qc1 Kh7 12. f4 e6 13. h3 b5 14. axb5 axb5 15. e5 Nd5 16. Nxd5 exd5 17. Bxd5 Bb7 18. Bg2 dxe5 19. fxe5 Nxe5 20. Ba5 Qd7 21. Qf4 Bxg2 22. Kxg2 b4 23. Rfd1 Rfe8 24. Qf2 Nc6 25. c3 Rb5 26. cxb4 cxb4 27. Bb6 Rxb6 28. Qxb6 Rxe2+ 29. Kf1 Rxb2 30. g4 Qd5 31. Qe3 Qh1+ 0-1